00406nam a2200181Ia 4500008004100000020001400041050001400055100001900069245001800088245001900106260001500125260001600140260000900156300001400165300002700179300001000206500000800216170918s9999 xx 000 0 und d a590370383 bD419 1975 adePaola, Tomie aStrega Nona / cTomie dePaola. aNew York : bScholastic, c1975 aunpaged : bcolored illustration ; c28cm. a800